000 00698nam a2200241Ia 4500
005 20260430150303.0
008 008 250103s9999 xx 000 0 eng d
037 _aTheses
040 _aCRL
040 _beng
040 _ceng
041 _2eng
041 _aeng
084 _qCRL
100 _aSharma Karuna Au.; Relan Manju Arora Gu.
_91237036
245 0 _a"A Socio Legal Study of Human Rights of Development Induced Displaced Persons : With Special Reference to the Forced Evictions of Slum Dwellers in Delhi "
260 _c2023
300 _a252
650 _aLaw
700 _aUniversity of Delhi. Faculty of Law. Deptt of Law
942 _cTH
999 _c1849422
_d1849422